| 000 | 005120000a22001810004500 | ||
|---|---|---|---|
| 003 | MACL | ||
| 005 | 20160409153815.0 | ||
| 008 | 160409b xxu||||| |||| 00| 0 eng d | ||
| 040 |
_aMACL _cMACL |
||
| 041 | _aHindi | ||
| 082 | _a370 | ||
| 100 |
_aस्नेह राय _951433 |
||
| 245 | _aरोजगार की नई दिशाएं | ||
| 260 |
_aदिल्ली _bप्रकाशन विभाग _c2009 |
||
| 350 | _a260 | ||
| 650 |
_aEducation _951434 |
||
| 942 |
_cHIN _k370 _2ddc |
||
| 999 |
_c48028 _d48028 |
||